000
00335 a2200157 4500
001
182928
020
_a
040
_c
Magnum
100
_a
Almeida, Therezinha Alves de (Coord.)
240
1
0
_a
Letras que falam
_l
por
245
1
0
_a
Letras que falam
300
_a
105
362
0
_a
1994
697
_a
LITERATURA GERAL
942
_c
BK
999
_c
182928
_d
182928